| 000 | 00467nam a22001937a 4500 | ||
|---|---|---|---|
| 003 | MPLRDC | ||
| 005 | 20220104161801.0 | ||
| 008 | 210129b ||||| |||| 00| 0 eng d | ||
| 020 | _a986-7378-38-5 | ||
| 082 | _a848.2 LZSF v.21 | ||
| 100 | _a陈棋川 | ||
| 245 |
_a加油!小女孩 _c |
||
| 250 | _a初版 | ||
| 260 |
_a台湾 _b福地出版社 _c2005 |
||
| 300 | _b245 | ||
| 490 | _a励志书房;21 | ||
| 650 | _a现代别集 | ||
| 942 |
_cBK _o848.2 LZSF v.21 |
||
| 999 |
_c55655 _d55645 |
||